| 000 | 00563nam a22001817a 4500 | ||
|---|---|---|---|
| 999 |
_c7830 _d7830 |
||
| 005 | 20231221172802.0 | ||
| 008 | 231221b ||||| |||| 00| 0 eng d | ||
| 020 | _a9788418680397 | ||
| 040 | _cCDMR | ||
| 100 |
_94917 _aMuñoz, Josep M. |
||
| 245 |
_aLes petjades de la memòria _b: onze entrevistes de L'Avenç _c/ Josep M. Muñoz Lloret ; pròleg d'Ignasi Aragay |
||
| 260 |
_aBarcelona : _bL'Avenç, _c2023 |
||
| 300 | _a325 p. | ||
| 490 |
_aL'Avenç Assaig _v; 129 |
||
| 630 | 0 |
_94918 _aL'Avenç (Revista) |
|
| 650 | 0 |
_94266 _aIntervius |
|
| 942 |
_2udc _cMON |
||